Giáo trình tài nguyên nước lục địa
Giáo trình trình bày một số kiến thức đại cương về tài nguyên nước, sự ô nhiễm môi trường nước, việc ngăn ngừa và các phương pháp cơ bản xử lý ô nhiễm nguồn nước.
Сохранить в:
| Главный автор: | |
|---|---|
| Формат: | |
| Язык: | Undetermined |
| Опубликовано: |
Cần Thơ
Trường Đại học Cần Thơ
2004
|
| Предметы: | |
| Метки: |
Добавить метку
Нет меток, Требуется 1-ая метка записи!
|
| Thư viện lưu trữ: | Trung tâm Học liệu Trường Đại học Cần Thơ |
|---|
| LEADER | 00955nam a2200217Ia 4500 | ||
|---|---|---|---|
| 001 | CTU_63398 | ||
| 008 | 210402s9999 xx 000 0 und d | ||
| 082 | |a 333.1 | ||
| 082 | |b Ng121 | ||
| 100 | |a Nguyễn, Võ Châu Ngân | ||
| 245 | 0 | |a Giáo trình tài nguyên nước lục địa | |
| 245 | 0 | |c Nguyễn Võ Châu Ngân | |
| 260 | |a Cần Thơ | ||
| 260 | |b Trường Đại học Cần Thơ | ||
| 260 | |c 2004 | ||
| 520 | |a Giáo trình trình bày một số kiến thức đại cương về tài nguyên nước, sự ô nhiễm môi trường nước, việc ngăn ngừa và các phương pháp cơ bản xử lý ô nhiễm nguồn nước. | ||
| 526 | |a Quản lý tài nguyên thiên nhiên và đa dạng sinh học | ||
| 526 | |b PDH601 | ||
| 650 | |a Water resources | ||
| 904 | |i Năm | ||
| 980 | |a Trung tâm Học liệu Trường Đại học Cần Thơ | ||